| 000 | 01530nabaa22002297a 4500 | ||
|---|---|---|---|
| 999 |
_c6324 _d6324 |
||
| 003 | OSt | ||
| 005 | 20260130201513.0 | ||
| 008 | 190701b xxu||||| |||| 00| 0 spa d | ||
| 040 | _cPJ | ||
| 100 |
_96997 _aFasoli, Luis Eugenio |
||
| 245 | 1 | 3 |
_aLa búsqueda de la verdad objetiva en el proceso administrativo : _boficiosidad en cuestiones laborales y de salud / _cLuis Eugenio Fasoli. |
| 300 | _ap. 316-322 | ||
| 500 | _aCita: TR LALEY AR/DOC/2589/2025 | ||
| 505 | _aSumario: I. Introducción.— II. Aclaración metodológica previa.— III. El caso y la decisión judicial.— IV. Verdad material y verdad formal. Principio de oficiosidad.— V. Incorrecciones en el planteo de la parte. Posible inconstitucionalidad e inconvencionalidad de la resolución administrativa.— VI. ¿Existe obligación del Tribunal de declarar la inconstitucionalidad y/o inconvencionalidad de oficio? — VII. Reflexiones finales. | ||
| 505 | _tFallo comentado: CNFed. Contenciosoadministrativo, sala V ~ 17/07/2025 ~ Buchhalter, Luis Ariel c. UBA - Hospital de Clínicas José de San Martín (res. 1165/2022) s/ educación superior - ley 24.521 - art. 32. | ||
| 505 | _t¿Te interesa el texto completo? Comunicate al correo: koha@justierradelfuego.gov.ar | ||
| 650 | 0 |
_9211 _aDERECHO ADMINISTRATIVO |
|
| 650 | 0 |
_9938 _aEMPLEO PUBLICO |
|
| 650 | 0 |
_91057 _aJURISPRUDENCIA APLICABLE |
|
| 773 | 0 |
_02842 _93251 _dBuenos Aires : AbeledoPerrot, 2012- _oDA121 _tDerecho administrativo. Nº 162 noviembre/diciembre 2025 _z18510590 |
|
| 942 |
_2udc _cANA |
||